Les langues par famille - Statistiques

Statistiques générales
  • Ce quiz a été pris 61 fois
  • Le résultat moyen est 33 sur 64
Statistiques - réponses
Hint Réponse % Correct
Espagnol Romane
77%
Gaélique écossais Celtique
74%
Allemagne Germanique
74%
Gallois Celtique
72%
Hindi Indo-aryen
70%
Français Romane
70%
Italien Romane
68%
Latin Romane
68%
Catalan Romane
68%
Portugais Romane
66%
Roumain Romane
66%
Néerlandais Germanique
64%
Grec Hellénique
64%
Hébreu Sémitique
64%
Serbo-croate Slave
64%
Slovaque Slave
64%
Turc Turcique
64%
Anglais Germanique
62%
Danois Germanique
62%
Ukrainien Slave
62%
Slovène Slave
62%
Bengali Indo-aryen
60%
Biélorusse Slave
60%
Népalais Indo-aryen
57%
Pendjabi Indo-aryen
57%
Tchèque Slave
57%
Bulgare Slave
57%
Basque Aucun (isolat)
55%
Letton Baltique
55%
Afrikaans Germanique
55%
Norvégien Germanique
55%
Suédois Germanique
55%
Sanskrit Indo-aryen
55%
Arabe Sémitique
55%
Russe Slave
55%
Polonais Slave
55%
Lituanien Baltique
53%
Gujarati Indo-aryen
53%
Persan Iranien
53%
Macédonien Slave
49%
Kirghiz Turcique
47%
Ourdou Indo-aryen
45%
Finnois Ouralique
45%
Kazak Turcique
45%
Ouzbek Turcique
45%
Hongrois Ouralique
43%
Azerbaïdjanais Turcique
43%
Ouïghour Turcique
43%
Islandais Germanique
40%
Marathi Indo-aryen
40%
Pachto Iranien
40%
Maltais Sémitique
40%
Amharique Sémitique
34%
Géorgien Kartvélien
32%
Estonien Ouralique
30%
Kurde Iranien
28%
Mannois Celtique
26%
Télougou Dravidien
26%
Tamoul Dravidien
26%
Tatar de Crimée Turcique
26%
Tigrinya Sémitique
23%
Malayalam Dravidien
21%
Kannada Dravidien
21%
Odia Indo-aryen
11%
Aucun quiz correspondant
Distribution des résultats
% des personnes avec chaque résultat
Percentile par nombre de réponses
Votre historique - résultats
Vous n’avez pas pris ce quiz